<?xml version="1.0" encoding="UTF-8"?><?xml-stylesheet type="text/xsl" href="static/style.xsl"?><OAI-PMH xmlns="http://www.openarchives.org/OAI/2.0/" xmlns:xsi="http://www.w3.org/2001/XMLSchema-instance" xsi:schemaLocation="http://www.openarchives.org/OAI/2.0/ http://www.openarchives.org/OAI/2.0/OAI-PMH.xsd"><responseDate>2026-04-28T21:00:30Z</responseDate><request verb="GetRecord" identifier="oai:uvadoc.uva.es:10324/30879" metadataPrefix="marc">https://uvadoc.uva.es/oai/request</request><GetRecord><record><header><identifier>oai:uvadoc.uva.es:10324/30879</identifier><datestamp>2021-06-18T06:39:09Z</datestamp><setSpec>com_10324_38</setSpec><setSpec>col_10324_787</setSpec></header><metadata><record xmlns="http://www.loc.gov/MARC21/slim" xmlns:doc="http://www.lyncode.com/xoai" xmlns:xsi="http://www.w3.org/2001/XMLSchema-instance" xmlns:dcterms="http://purl.org/dc/terms/" xsi:schemaLocation="http://www.loc.gov/MARC21/slim http://www.loc.gov/standards/marcxml/schema/MARC21slim.xsd">
<leader>00925njm 22002777a 4500</leader>
<datafield tag="042" ind1=" " ind2=" ">
<subfield code="a">dc</subfield>
</datafield>
<datafield tag="720" ind1=" " ind2=" ">
<subfield code="a">Borge Martínez, Fernando</subfield>
<subfield code="e">author</subfield>
</datafield>
<datafield tag="260" ind1=" " ind2=" ">
<subfield code="c">2018</subfield>
</datafield>
<datafield tag="520" ind1=" " ind2=" ">
<subfield code="a">En este trabajo de Fin de Máster se detalla el funcionamiento de una caja de cambios de doble embrague junto con las filosofías, metodologías y actividades que se siguen en Renault para poder ponerlas a punto. Complementariamente se recoge también la puesta a punto del indicador de cambios de marcha que aparece en el tablero, ya que la forma de ponerle a punto es similar al de la caja.&#xd;
La principal base para la elaboración de este TFM es la documentación aportada por la empresa Renault para formar a la gente tanto en la prestación ASC como en la de GSI, así como las herramientas y útiles empleados para la puesta a punto de ambas prestaciones.&#xd;
Finalmente, se detallan las conclusiones generales y específicas extraídas con el desarrollo del mismo, las aportaciones del autor con la creación de este y la posible información con la que complementarlo en trabajos futuros.</subfield>
</datafield>
<datafield tag="024" ind2=" " ind1="8">
<subfield code="a">http://uvadoc.uva.es/handle/10324/30879</subfield>
</datafield>
<datafield ind1=" " ind2=" " tag="653">
<subfield code="a">FASA - Renault</subfield>
</datafield>
<datafield ind1=" " ind2=" " tag="653">
<subfield code="a">Automóviles - Transmisiones - Innovaciones tecnológicas</subfield>
</datafield>
<datafield tag="245" ind1="0" ind2="0">
<subfield code="a">Puesta a punto de las cajas de cambios automáticas y del indicador de cambio de marcha</subfield>
</datafield>
</record></metadata></record></GetRecord></OAI-PMH>